Normal view
MARC view
- HUMAN SIDE OF ORGANIZATIONS
Entry Topical Term
001 - CONTROL NUMBER
- control field: 65842
003 - CONTROL NUMBER IDENTIFIER
- control field: NUST
005 - DATE AND TIME OF LATEST TRANSACTION
- control field: 20210628203510.0
008 - FIXED-LENGTH DATA ELEMENTS
- fixed length control field: 210628|| aca||aabn | a|a d
040 ## - CATALOGING SOURCE
- Original cataloging agency: NUST
- Transcribing agency: NUST
150 ## - HEADING--TOPICAL TERM
- Topical term or geographic name entry element: HUMAN SIDE OF ORGANIZATIONS
670 ## - SOURCE DATA FOUND
- Source citation: Work cat.: (NUST): Drafke, Michael .Dr 65841, The human side of organizations, 2008
